Loading...
| Ancient History and Archaeology | 3 | 13.33 | 67% | 67% | 0% |
| Beliefs | 6 | 11.67 | 67% | 50% | 0% |
| British and Commonwealth History | 2 | 10.00 | 100% | 0% | 0% |
| Current Events | 2 | 10.00 | 100% | 0% | 0% |
| Fine Arts - Auditory Fine Arts | 3 | 6.67 | 67% | 0% | 0% |
| Fine Arts - Visual Fine Arts | 4 | 15.00 | 100% | 50% | 0% |
| Geography | 2 | 15.00 | 100% | 0% | 50% |
| History - American History | 8 | 13.75 | 100% | 38% | 0% |
| History - European History | 5 | 14.00 | 100% | 20% | 20% |
| History - World History | 2 | 15.00 | 100% | 50% | 0% |
| Literature - American Literature | 4 | 15.00 | 100% | 25% | 25% |
| Literature - British Literature | 3 | 13.33 | 100% | 33% | 0% |
| Literature - European Literature | 2 | 10.00 | 100% | 0% | 0% |
| Other Academic | 1 | 20.00 | 100% | 100% | 0% |
| Other Arts: Auditory | 1 | 10.00 | 100% | 0% | 0% |
| Other Arts: Visual | 1 | 20.00 | 100% | 100% | 0% |
| Philosophy | 5 | 10.00 | 80% | 20% | 0% |
| Science - Biology | 3 | 13.33 | 100% | 33% | 0% |
| Science - Chemistry | 3 | 10.00 | 100% | 0% | 0% |
| Science - Physics | 3 | 10.00 | 67% | 33% | 0% |
| Social Science | 3 | 10.00 | 100% | 0% | 0% |
| World and Other Literature | 3 | 6.67 | 67% | 0% | 0% |